Normal view
MARC view
- Taveira, Tomás
Entry Personal Name
001 - CONTROL NUMBER
- control field: 132966
003 - CONTROL NUMBER IDENTIFIER
- control field: NUST
005 - DATE AND TIME OF LATEST TRANSACTION
- control field: 20260129104910.0
008 - FIXED-LENGTH DATA ELEMENTS
- fixed length control field: 260129|| aca||aabn | a|a d
040 ## - CATALOGING SOURCE
- Original cataloging agency: NUST
- Transcribing agency: NUST
100 ## - HEADING--PERSONAL NAME
- Personal name: Taveira, Tomás
670 ## - SOURCE DATA FOUND
- Source citation: Work cat.: (NUST)353584: 6080, Taveira sports architecture, 2004.
